La motivación. La magia del descubrimiento: actividades para favorecer su desarrollo

Tallennettuna:
Bibliografiset tiedot
Aineistotyyppi: Kirja
Kieli:espanja
Julkaistu: Barcelona Ceac 2001
Sarja:Auola Práctica Primaria
Aiheet:
Tagit: Lisää tagi
Ei tageja, Lisää ensimmäinen tagi!

MARC

LEADER 00000nam a2200000 a 4500
001 UCI9743
003 CL-VaPUC
008 081204e20010000SP |||||||||||||||||spa|d
020 |a 843298647X 
082 0 4 |a 370.15  |b MOT  |2 21 
245 1 3 |a La motivación. La magia del descubrimiento: actividades para favorecer su desarrollo 
300 |a 92 p 
942 |c BK 
945 |d 20081204 00:00:00  |a jtorresc 
260 |a Barcelona  |b Ceac  |c 2001 
650 0 |a Psicología educacional   |9 307830 
650 0 |a Motivación   |9 315362 
650 0 |a Métodos de enseñanza  |9 270413 
650 0 |a Educación básica   |9 224933 
650 0 |a Rendimiento escolar  |9 330254 
583 |a last modification  |c 20081204 00:00:00  |k Rodrigo Vera 
490 0 |a Auola Práctica Primaria 
999 |c 332222  |d 332220 
952 |0 0  |1 0  |4 0  |6 370_150000000000000_MOT_2001  |7 0  |8 A  |9 419733  |a BIBEDU  |b BIBEDU  |d 2019-11-22  |i 4502302  |o 370.15 MOT 2001  |p 4502302  |r 2019-11-22  |w 2019-11-22  |y BK  |k EPE